| 000 | 01045nac a22003137a 4500 | ||
|---|---|---|---|
| 001 | BR9001748 | ||
| 003 | BR-BrBNA | ||
| 005 | 20240105121111.0 | ||
| 008 | 230509b bl.|||m| |||| 00| 0 por d | ||
| 040 |
_aBR-BrBNA _bpor _cBiblioteca Nacional de Agricultura |
||
| 072 | _aH60 | ||
| 090 | _a0336 BR9001748 | ||
| 100 | 1 | _aBarros, A.C. de | |
| 100 | 1 | _aEichler, V. | |
| 100 | 1 | _aSilva, R.J.M. da | |
| 110 | 1 | _aEmpresa Goiana de Pesquisa Agropecuaria, Goiania, GO (Brasil) | |
| 245 | 1 | _aEfeitos do controle integrado do capim-custodio (Pennisetum setosum (Swartz)L. Rich.)na cultura da soja, no sudoeste Goiano | |
| 260 | 3 |
_aGoiania, GO (Brasil): _c1989. |
|
| 300 | _a11 p. | ||
| 490 |
_aBoletim de Pesquisa - Empresa Goiana de Pesquisa Agropecuaria (Brazil) _vno. 14 _xISSN 0102-2121 |
||
| 500 | _aSummaries (En, Pt); 9 ref. | ||
| 650 | _aSOJA | ||
| 650 | _aERVA DANINHA | ||
| 650 | _aCONTROLE INTEGRADO | ||
| 650 | _aHERBICIDA | ||
| 650 | _aGOIAS | ||
| 909 |
_a202312 _bLúcia Elande _c55 _dLúcia Elande |
||
| 942 |
_2AGRIS _n0 _cMS |
||
| 999 |
_c283302 _d283302 |
||